Score 0/16 Timer 04:00
0 Plays Today
Title Missing Word % Correct
Let's _____ It OnGet
95.4%
What's _____ OnGoing
92.7%
My _____ Will Go OnHeart
89.4%
I Know There's _____ Going OnSomething
85%
The _____ Must Go OnShow
84%
From This _____ OnMoment
78.7%
I Didn't _____ To Turn You OnMean
74.4%
_____ Holding OnKeep
67%
Title Missing Word % Correct
You Keep Me _____ OnHangin'
66.6%
The _____ Goes OnBeat
66.2%
Bang a ____ (Get It On)Gong
58.3%
_____ OnDream
57.6%
Get Ur _____ OnFreak
49.7%
Instant _____! (We All Shine On)Karma
48.2%
You Can Leave Your _____ OnHat
47%
_____ Hold OnBaby
37.1%

Today's Daily Dose

You're not logged in!

Compare scores with friends on all Sporcle quizzes.
OR
Log In

Sporcle TV

Today on Sporcle TV


Watch our educational content, quiz creation guides, and fun videos on Sporcle TV.

Show Comments

Extras

Top Quizzes Today


Score Distribution

Your Account Isn't Verified!

In order to create a playlist on Sporcle, you need to verify the email address you used during registration. Go to your Sporcle Settings to finish the process.

Report this User

Report this user for behavior that violates our Community Guidelines.

Details: